000 00344nam a2200133 i 4500
001 bg
100 1 _aKNAPIK, Krzysztof
245 0 _aCzasowoprzestrzenna symulacja działania systemu dystrybucji wody /
_cK. Knapik.
260 _aKraków,
_c1989.
040 _cBPK
041 _apol
942 _cKS
008 s pl f |000 0 pol
999 _c29476
_d29476
856 _uhttp://koha.tu.koszalin.pl/cgi-bin/koha/opac-detail.pl?biblionumber=29476
_yKatalog online BPK